000 00517nam a22002057a 4500
001 22191
005 20260407091844.0
008 260407b |||||||| |||| 00| 0 spa d
041 _aESP
082 _a624.15136
_bJ81 T.1
100 _aJuárez Badillo, Eulalio
245 _aMecánica de suelos :
_b fundamentos de la mecánica de suelos
260 _a :
_b ,
_c2012
300 _a000 páginas :
_b ;
_c00 cm.
440 _a ;
650 _aTCA
654 _aCII
700 _a;
942 _cLIB
_dJUS
_fJUS
_n0
_2ddc
999 _c22191
_d22191